01174cam a2200229 450000500170000000800410001702000320005802000150009005000210010510000220012624000450014824500410019325000110023426000720024530000200031750504220033765000360075970000310079570000400082670000390086670000390090520260420084730.0051031s1999 ag 000 0 spa u a9505084137 (obra completa)  a950508414504aKK7987bM38 19941 aMaurach, Reinhart10aStrafrecht allgemeiner teil. lEspañol10aDerecho penal b : parte general c  a7a ed. aArgentina : bEditorial Astrea de Alfredo y Ricardo Depalma, c1994 a2 v. ; c23 cm.0 tV. 1 Teoría general del derecho penal y estructura del hecho punible ractualizada por Karl Heinz Gössel y Heinz Zipf ; traducción de la 7a edición alemana por Jorge Bofill Genzsch y Enrique Aimone Gibson --tV. 2 Formas de aparición del delito y las consecuencias jurídicas del hecho ractualizada por Heinz Zipf ; traducción de la 7a edición alemana por Jorge Bofill Genzsch y Enrique Aimone Gibson 72lembaDerecho penal zAlemania 1 aZipf, Heinz, ecolaborador1 aHeinz Gössel, Karl, ecolaborador1 aBofill, Genzsch, Jorge,etraductor1 aAimone Gibson, Enrique,etraductor